000
00304nam a22001337a 4500
008
170712b xxu||||| |||| 00| 0 eng d
020
_a
9780683079227
041
_a
eng
080
_2
26TH
_a
038
100
_a
23
101
_a
FJA
245
_a
STEDMAN'S MEDICAL DICTIONARY
_c
ALLISON, D
942
_2
udc
_c
BK
999
_c
20305
_d
20305